[Event "Shropshire Open"]
[Site "Telford"]
[Date "2024.01.14"]
[Round "5.2"]
[White "Ferrington, Nigel"]
[Black "Burrows, Martin"]
[Result "1-0"]
[WhiteElo "2122"]
[BlackElo "2159"]
[Annotator "Van Kemenade, Rudy"]
[PlyCount "121"]
[EventDate "2024.01.12"]
[EventType "swiss"]
[EventRounds "5"]
[EventCountry "ENG"]
[SourceTitle "BritBase"]
[Source "John Saunders"]
[SourceDate "2024.04.05"]
[SourceVersion "1"]
[SourceVersionDate "2024.04.05"]
[SourceQuality "1"]

1. e4 c5 2. Nf3 d6 3. d4 cxd4 4. Nxd4 Nf6 5. Nc3 a6 6. Bg5 e6 7. f4 Be7 (7...
Qb6 8. Qd2 Qxb2 {a complex pawn sac, though there are often piece sacrifices
later, is still the most frequent line played.}) 8. Qf3 Qc7 9. O-O-O Nbd7 10.
f5 {62% for Wh} (10. g4 {main, 58% for Wh}) 10... e5 11. Nde2 b5 12. Bxf6 Nxf6
13. Nd5 Nxd5 14. exd5 Bb7 15. Ng3 Rc8 16. Bd3 Qa5 $14 {2-1-0} (16... Qc5 $14 {
5-1-0}) 17. Kb1 Rc5 $14 {SF16} (17... b4 18. Be4 $16 {1.5-0.5}) (17... f6 18.
Nh5 O-O 19. g4 $14 {Li-Connor, 4NCL 2017,1-0}) 18. Be4 b4 (18... Bf6 19. Nh5
Kd7 $14 {SF16}) 19. Nh5 $18 Bf8 20. g4 Kd8 21. f6 (21. g5 $18 {SF16}) 21... g6
22. Ng3 Bh6 23. h4 Bf4 24. Ne2 g5 (24... Re8 25. Nxf4 exf4 26. Qxf4 Re5 27. Rd4
$16 {SF16}) 25. Nxf4 gxf4 26. g5 $18 Kc8 27. Rhg1 (27. Qh5 Rc7 28. Qh6 Kb8 29.
Qg7 Rhc8 30. Qxh7 $18 {SF16}) 27... Kb8 28. h5 Qb6 (28... Ka7 $14 {SF16}) 29.
g6 (29. Bxh7 $1 $18 {SF16= the Wh pawns crash through}) 29... hxg6 30. hxg6
fxg6 31. Rxg6 Rcc8 (31... Rf8 32. Qg2 Qd8 33. Rh1 Bc8 $11 {SF16}) 32. Bf5 Rcf8
33. Be6 $16 Qd8 (33... Ka7) 34. f7 $18 Rh7 35. Qg4 (35. Qe4 Rfxf7 36. Bxf7 Rxf7
37. Qxb4 $18 {SF16}) 35... Rhxf7 36. Bxf7 Rxf7 37. Qe6 Rf8 (37... Qd7 $11) 38.
Rg7 Bc8 $11 39. Qg6 Qf6 (39... Qb6 $11) 40. Qg1 $18 Bb7 41. Rg8 (41. Rh7 Rf7
42. Rxf7 Qxf7 43. Qb6 Qc7 44. Qxb4 $18 {SF16}) 41... Rxg8 42. Qxg8+ Ka7 43. Qe6
(43. Qg1+ Ka8 44. Qb6 $18 {SF16}) 43... Qxe6 (43... Qd8 44. Rg1 Qb6 $11 {
SF16-Bl has two solid pawns for the exchamge and his K is safe. But both sides
are in a time scramble. The life board records the battle/}) 44. dxe6 $18 f3
45. e7 Bc6 46. Kc1 (46. Rxd6) 46... e4 47. Kd2 Kb6 48. Ke3 Kc5 49. c3 bxc3 50.
bxc3 d5 51. Rh1 Kc4 52. Rh8 Kxc3 53. Rc8 d4+ 54. Kf2 e3+ 55. Kg3 e2 56. Rxc6+
Kd2 57. e8=Q d3 58. Kf2 Kd1 59. Qe3 d2 60. Qxf3 (60. Qb3#) 60... a5 61. Qxe2# {
This gained Wh joint 2nd and 3rd place} 1-0

[Event "Shropshire Open"]
[Site "Telford"]
[Date "2024.01.14"]
[Round "5.3"]
[White "Baer, Bruce L"]
[Black "Underwood, Jon"]
[Result "1/2-1/2"]
[WhiteElo "2085"]
[BlackElo "2098"]
[Annotator "Van Kemenade, Rudy"]
[PlyCount "26"]
[EventDate "2024.01.12"]
[EventType "swiss"]
[EventRounds "5"]
[EventCountry "ENG"]
[SourceTitle "BritBase"]
[Source "John Saunders"]
[SourceDate "2024.04.05"]
[SourceVersion "1"]
[SourceVersionDate "2024.04.05"]
[SourceQuality "1"]

1. Nf3 f5 2. d3 d6 3. e4 e5 4. Nc3 c5 (4... Nf6 {main}) 5. g3 Be7 6. Bh3 fxe4
7. Bxc8 Qxc8 8. dxe4 Qd7 $146 {SF16} (8... Nc6 {2 Wh wins, 3 draws}) (8... Nf6
9. Bg5 O-O {Fressinet-Vaisser,FRA ch Top tms 2013,1/2-1/2}) 9. Nd5 Nf6 10. Nxe7
Qxe7 11. Bg5 Nc6 12. c3 O-O 13. O-O Qe6 {(draw?)} 1/2-1/2

[Event "Shropshire Open"]
[Site "Telford"]
[Date "2024.01.14"]
[Round "5.4"]
[White "Kett, Timothy"]
[Black "Surtees, Michael"]
[Result "1-0"]
[WhiteElo "2205"]
[BlackElo "2187"]
[Annotator "Van Kemenade, Rudy"]
[PlyCount "69"]
[EventDate "2024.01.12"]
[EventType "swiss"]
[EventRounds "5"]
[EventCountry "ENG"]
[SourceTitle "BritBase"]
[Source "John Saunders"]
[SourceDate "2024.04.05"]
[SourceVersion "1"]
[SourceVersionDate "2024.04.05"]
[SourceQuality "1"]

1. e4 c6 2. d4 d5 3. e5 Bf5 4. h4 f6 {Jobava} (4... h5) (4... h6 {main lines})
5. g4 Bd7 6. Nc3 $146 {SF16} (6. f4 {main}) 6... Qb6 7. Nh3 (7. exf6 exf6 8.
Bf4 $16 {SF16}) 7... e6 8. Nf4 (8. exf6 Nxf6 9. g5 Ne4 10. Nxe4 dxe4 11. Nf4
$18 {SF16}) 8... fxe5 (8... c5 $11 {SF16}) 9. dxe5 c5 10. g5 (10. Bg2 $16 {SF16
}) 10... Ne7 11. Bh3 Na6 $11 12. O-O Nc7 13. a3 a5 14. Bd2 g6 15. b4 Bg7 (15...
axb4 16. axb4 Rxa1 17. Qxa1 cxb4 18. Rb1 Qa6 19. Qxa6 Nxa6 20. Na2 b3 21. Rxb3
Nc5 $11 {SF16}) 16. bxc5 (16. bxa5 Rxa5 17. Re1 O-O 18. a4 $16 {SF16}) 16...
Qxc5 17. Nd3 Qc4 $11 18. Qg4 O-O (18... Bc6 $11) 19. Qxc4 dxc4 20. Nc5 Bc8 (
20... Bc6 21. Nxe6 Rf3 22. Bg4 Nxe6 23. Bxe6+ Kh8 24. Bg4 $16 {SF16}) 21. f4
$16 b6 22. N5e4 $18 Nf5 23. Rab1 (23. Bxf5 Rxf5 24. Nd6 Rf8 25. Rab1 b5 26. h5
gxh5 27. Nce4 Rd8 28. Nf6+ $18 {SF16}) 23... Ra6 24. Bxf5 exf5 25. Nf6+ Bxf6
26. gxf6 Bd7 27. a4 Ne6 28. Be3 Nc5 29. Bxc5 bxc5 30. Rfd1 (30. Rb7) 30... Be6
31. Rb7 Re8 32. Nb5 (32. Nd5) 32... Rc8 33. Rg7+ Kh8 34. Nc7 Rb6 35. Nxe6 (35.
Nxe6 Rxe6 36. Rdd7) 1-0

[Event "Shropshire Open"]
[Site "Telford"]
[Date "2024.01.14"]
[Round "5.5"]
[White "Fleming, Nigel"]
[Black "Potter, John M"]
[Result "1/2-1/2"]
[WhiteElo "2092"]
[BlackElo "2196"]
[Annotator "Van Kemenade, Rudy"]
[PlyCount "69"]
[EventDate "2024.01.12"]
[EventType "swiss"]
[EventRounds "5"]
[EventCountry "ENG"]
[SourceTitle "BritBase"]
[Source "John Saunders"]
[SourceDate "2024.04.05"]
[SourceVersion "1"]
[SourceVersionDate "2024.04.05"]
[SourceQuality "1"]

1. Nf3 Nf6 2. b3 b6 3. Bb2 Bb7 4. e3 g6 5. c4 Bg7 6. Nc3 O-O 7. Be2 d6 8. d4
Nbd7 9. O-O e6 (9... e5 {main}) 10. Qc2 a6 11. Rad1 Qe7 12. Nd2 (12. e4 $14 {
1-1-4}) 12... Rfd8 $146 (12... e5 13. dxe5 Nxe5 14. h3 Rae8 15. Rfe1 $14 {
Najdeski-Miskoski, FRM ch tm 2023,1-0}) 13. Bf3 Bxf3 14. Nxf3 c6 15. Ba3 Ne8
16. e4 Qf6 17. Rfe1 (17. e5 dxe5 18. Ne4 Qf5 19. Be7 Rdc8 20. Rfe1 exd4 21.
Nxd4 Bxd4 22. Rxd4 e5 23. Rd3 Qe6 24. Ba3 Ra7 25. c5 bxc5 26. Nxc5 Qf5 27. Qc1
$18 {SF16}) 17... e5 18. Bc1 h6 19. Be3 Qe7 20. dxe5 (20. d5 $16) 20... dxe5
21. Rd2 Nc5 22. Red1 Rxd2 23. Qxd2 $14 Nf6 24. Qd6 Qxd6 25. Rxd6 Ncxe4 26. Nxe4
Nxe4 27. Rxc6 b5 (27... Nc3 28. Bxb6 Nxa2 29. g3 $14 {SF16}) 28. Kf1 (28. g4)
28... Kf8 29. Nd2 Nxd2+ 30. Bxd2 bxc4 31. Rxc4 Ke7 32. Rc7+ Ke6 33. Bb4 a5 34.
Bc3 Bf8 35. Ke2 $11 1/2-1/2

[Event "Shropshire Open"]
[Site "Telford"]
[Date "2024.01.14"]
[Round "5.6"]
[White "Hilditch-Love, Daniel"]
[Black "Hood, Simon W"]
[Result "1/2-1/2"]
[WhiteElo "1930"]
[BlackElo "2043"]
[Annotator "Van Kemenade, Rudy"]
[PlyCount "58"]
[EventDate "2024.01.12"]
[EventType "swiss"]
[EventRounds "5"]
[EventCountry "ENG"]
[SourceTitle "BritBase"]
[Source "John Saunders"]
[SourceDate "2024.04.05"]
[SourceVersion "1"]
[SourceVersionDate "2024.04.05"]
[SourceQuality "1"]

1. d4 c5 2. d5 e5 3. c4 d6 4. e4 Be7 5. Nc3 Nf6 (5... Bg5) 6. g3 O-O 7. Bg2 a6
8. a4 Ne8 9. h4 (9. Nge2 {main}) 9... b6 $146 (9... Nd7 {1-0}) (9... Nc7 {0-1})
10. Nh3 Nd7 11. Be3 Rb8 12. g4 Nc7 13. Qe2 b5 14. axb5 axb5 15. cxb5 Nb6 16. g5
Bd7 $11 17. f4 exf4 18. Nxf4 f5 (18... Qe8 $11) 19. Kd2 (19. O-O $18 {SF16})
19... Qe8 $11 20. Ra5 Bd8 21. Rha1 (21. Kc2 $11) 21... fxe4 (21... Qe5 $17 22.
Kc2 fxe4 23. Bxe4 Bf5 24. Bxf5 Qxf5+ 25. Kb3 c4+ 26. Ka3 Ncxd5 $15 {SF16}) 22.
Bxe4 $11 Nxb5 23. Bxh7+ (23. Rxb5 Bxb5 24. Qxb5 Qxb5 25. Nxb5 Nc4+ 26. Kd3 Nxe3
27. Ne6 Rxb5 28. Bxh7+ Kxh7 29. Nxf8+ Kg8 30. Ne6 Rb3+ 31. Ke4 Ng2 (31... Be7
32. g6 $18) 32. Nxd8 $11 {SF16}) 23... Kxh7 24. Nxb5 Bxb5 (24... Qe5 $19 {SF16}
) 25. Rxb5 Nc4+ (25... Qe4 26. Qd3 Nc4+ 27. Kc3 Qxd3+ 28. Nxd3 Rxb5 29. Kxc4
Rb7 $15 {SF16}) 26. Qxc4 Qxb5 27. Qe4+ (27. Qxb5 Rxb5 28. Ne6 Rf3 $11 {SF16})
27... Kg8 (27... Kh8 $19 {SF16}) 28. Qe6+ Kh7 29. Qe4+ Kg8 (29... Kh8 $19)
1/2-1/2

[Event "Shropshire Open"]
[Site "Telford"]
[Date "2024.01.14"]
[Round "5.7"]
[White "Mason, Donald"]
[Black "Van Kemenade, Rudy"]
[Result "1-0"]
[WhiteElo "2050"]
[BlackElo "1934"]
[Annotator "Van Kemenade, Rudy"]
[PlyCount "75"]
[EventDate "2024.01.12"]
[EventType "swiss"]
[EventRounds "5"]
[EventCountry "ENG"]
[SourceTitle "BritBase"]
[Source "John Saunders"]
[SourceDate "2024.04.05"]
[SourceVersion "1"]
[SourceVersionDate "2024.04.05"]
[SourceQuality "1"]

1. e4 e5 2. Nf3 Nf6 3. Nc3 (3. Nxe5 d6 4. Nf3 Nxe4 5. d4 d5 6. Bd3 Nc6 7. O-O
Be7 8. c4 Nb4 9. Be2 dxc4 (9... O-O 10. a3 Nc6 11. cxd5 Qxd5 12. Nc3 Nxc3 13.
bxc3 Bf5 14. Re1 Be4 {Mason-Van Kemenade, GBR ch Great Yarmouth 2007,1/2-1/2})
10. Bxc4 O-O 11. Nc3 {Mason-Alicock, 4NCL 2006,1-0}) 3... Bb4 (3... Nc6 {
expected by Wh}) 4. a3 (4. Bc4) (4. Nxe5 {main lines}) 4... Bxc3 5. dxc3 O-O (
5... d6 6. Bd3 (6. Bc4) (6. Bg5 h6 7. Bxf6 (7. Bh4 g5) 7... Qxf6)) 6. Bg5 {main
} d6 {main} (6... h6 {scores better} 7. Bh4 d6 (7... g5 8. Nxg5 $14 {risky for
Bl, calculated by Wh})) 7. Nd2 $11 (7. Bd3) (7. Bc4 {main lines}) 7... Nbd7 (
7... Be6 8. Qf3 Nbd7 9. h3 c6 10. Be2 Qb6 11. O-O-O Qc7 12. Qg3 $14 {
Silva-Basson, IECG 2006,1-0}) 8. Bd3 (8. f3 c6 $11 {SF16}) (8. Qf3 c6 9. Bc4 b5
10. Bb3 Bb7 11. O-O h6 12. Bh4 d5 {Martin Hernandez-Perez Gutierrez, Teneriffe
ch tm 2018,0-1}) 8... Nc5 {SF16} 9. Qf3 (9. O-O Ne6 $11 {1.5-0.5}) 9... h6 10.
Bxf6 (10. h4 c6 11. Bxf6 Qxf6 12. Qxf6 {Capellades Subirana-Herreros Fernandez,
La Pobla de Lillet 2013, draw agreed}) 10... Qxf6 11. Qxf6 Nxd3+ (11... gxf6 {
alternative Bl wished had gone for, but was concerned the B might with draw to}
12. Be2 (12. Nf1 f5 13. exf5 Nxd3+ 14. cxd3 Bxf5 15. Kd2 Be6 $11 {SF16}) (12.
g4 Kg7 (12... Ne6 13. h4 Nf4 $11) 13. Nf1 h5 14. h3 Ne6 15. Ng3 Nf4 $11) 12...
f5 $11) 12. cxd3 gxf6 {(draw?)} 13. g4 (13. f4 f5 14. O-O f6 $11 {SF16}) 13...
Kh7 (13... Rd8 14. f4 Kf8 15. Rg1 Ke7 $11 {is a better defence, looked at in
PM analysis}) 14. h3 $14 Be6 15. f4 (15. Ke2 h5 $14 {SF16}) 15... c6 {too slow}
(15... exf4 $1 {SF16} 16. Ke2 (16. O-O-O h5 17. Rdf1 hxg4 18. hxg4+ Kg7 19.
Rxf4 Rh8 20. Rhf1 Rh2 21. Rxf6 Rah8 $11 {SF16}) 16... Rh8 17. Kf3 Kg7 18. Kxf4
h5 19. Rag1 d5 $11 (19... Kf8 20. d4 Ke7 21. Nf1 Rag8 $11)) 16. f5 $16 Bd7 17.
Nf1 Rh8 (17... Rfd8 18. Ng3 Kg7 19. Nh5+ Kf8 20. Nxf6 Ke7 21. Nxd7 Rxd7 22. Ke2
d5 23. Rad1 Rad8 24. h4 $18 {SF16}) 18. Ng3 Kg7 19. Nh5+ Kf8 20. Nxf6 $18 Bc8 (
20... Ke7) 21. O-O-O Ke7 22. Nh5 f6 23. d4 Bd7 24. dxe5 dxe5 (24... fxe5 25.
f6+ Ke6 26. Rhf1 d5 27. f7 Raf8 28. Rf6+ Ke7 29. exd5 cxd5 30. Rxd5) 25. Nxf6
Bxf5 26. gxf5 Kxf6 27. Rhg1 Rag8 28. Rd6+ Ke7 29. Rxg8 (29. Rgd1) 29... Rxg8
30. Rxh6 Rg1+ 31. Kc2 Rg2+ 32. Kb3 Rg3 33. Re6+ Kd7 34. Rxe5 Rxh3 35. f6 Rf3 (
35... Rh7 36. Rg5) 36. Rf5 (36. Re7+ Kd8 37. e5) 36... Rxf5 37. exf5 Ke8 38.
Kc4 1-0

[Event "Shropshire Open"]
[Site "Telford"]
[Date "2024.01.14"]
[Round "5.8"]
[White "Whitmore, Darren"]
[Black "Zabrocki, Philip"]
[Result "1-0"]
[WhiteElo "1878"]
[BlackElo "1991"]
[Annotator "Van Kemenade, Rudy"]
[PlyCount "109"]
[EventDate "2024.01.12"]
[EventType "swiss"]
[EventRounds "5"]
[EventCountry "ENG"]
[SourceTitle "BritBase"]
[Source "John Saunders"]
[SourceDate "2024.04.05"]
[SourceVersion "1"]
[SourceVersionDate "2024.04.05"]
[SourceQuality "1"]

1. e4 e6 2. b3 d5 3. Bb2 Nf6 (3... dxe4 4. Nc3 {55% for Wh}) 4. e5 {58% for Wh}
Nfd7 5. Nf3 {46% for Wh} (5. f4 {60%}) (5. Qg4 {62% main lines}) 5... c5 6. Bd3
(6. d4) (6. Bb5 {main lines}) 6... Nc6 7. O-O g6 {2-0-1} (7... a6 $17 {2-0-2})
(7... Be7 $11 {1-0-2}) (7... g5 {Ollen-Ziegler,Deltalift op 2013,0-1} 8. Bb5
Rg8 $11) 8. Bb5 $14 Bg7 9. Re1 (9. Bxc6 bxc6 10. Re1 O-O 11. d4 cxd4 12. Nxd4
Nxe5 13. Nxe6 fxe6 14. Bxe5 Bxe5 15. Rxe5 Qf6 (15... Rxf2 $19 {SF16}) 16. Qe1
$16 {Stojanovic(1800)-Kranebitter (2115), Seefeld op 1997,1-0}) 9... O-O (9...
g5 $11 {SF16}) 10. Qe2 (10. Bxc6 $16) 10... Qc7 (10... Ndb8 11. c3 f6 12. exf6
Qxf6 13. Ba3 b6 14. d4 $14 {SF16}) 11. d3 a6 12. Bxc6 Qxc6 13. Nbd2 $14 Qc7 14.
d4 cxd4 15. Ba3 (15. Bxd4 Qxc2 16. Qe3 Qc7 17. Rac1 Qd8 18. h4 $16 {SF16})
15... Re8 16. Bd6 Qb6 (16... Qxc2 17. Nxd4 Qc3 18. N2f3 $14 {SF16}) 17. Qd3 f6
(17... Nc5 18. Bxc5 Qxc5 19. Nxd4 $14 {SF16}) 18. Rad1 fxe5 19. Bxe5 Nxe5 20.
Nxe5 $14 Rf8 21. Ndf3 Qd6 22. Qxd4 Bd7 23. Qg4 Rf5 24. Nxd7 Qxd7 25. c4 (25.
Nd4) 25... d4 $2 {(draw?)} (25... Rc8 $14) 26. Nxd4 $18 Bxd4 27. Qxd4 Qxd4 28.
Rxd4 Raf8 29. f3 R5f6 30. Rd6 Re8 31. Re5 Kf7 32. Kf2 Re7 33. Ke3 Rf5 34. Ke4
Kf6 35. f4 Rxe5+ 36. fxe5+ Kg5 37. b4 Rc7 38. c5 a5 39. a3 axb4 40. axb4 Re7
41. b5 Rc7 42. c6 bxc6 43. bxc6 Ra7 44. Rxe6 Ra4+ 45. Kd5 Ra1 46. c7 Rd1+ 47.
Kc6 Kf5 48. Kb7 (48. c8=Q Rc1+ 49. Kd7 Rxc8 50. g4+ Kxg4 51. Kxc8 {SF16}) 48...
Kxe6 49. c8=Q+ Kxe5 50. Qh8+ Kf5 51. Qxh7 Rd6 52. Qf7+ Rf6 (52... Ke5 53. Kc7)
53. g4+ Ke5 54. Qg7 Ke6 55. Kc6 1-0

[Event "Shropshire Open"]
[Site "Telford"]
[Date "2024.01.14"]
[Round "5.9"]
[White "Gunarathne, Senith"]
[Black "Jukes, Sam"]
[Result "0-1"]
[WhiteElo "1789"]
[BlackElo "1969"]
[Annotator "Van Kemenade, Rudy"]
[PlyCount "38"]
[EventDate "2024.01.12"]
[EventType "swiss"]
[EventRounds "5"]
[EventCountry "ENG"]
[SourceTitle "BritBase"]
[Source "John Saunders"]
[SourceDate "2024.04.05"]
[SourceVersion "1"]
[SourceVersionDate "2024.04.05"]
[SourceQuality "1"]

1. e4 c5 2. Nf3 Nc6 3. d4 cxd4 4. Nxd4 Nf6 5. Nc3 e5 6. Nb3 {2nd most frequent
, 36% for Wh} (6. Ndb5 d6 {main, 1-1-1 Jukes; 53 % for Wh}) 6... Bb4 7. Bd3 d5
8. exd5 Nxd5 9. Bd2 Nxc3 10. bxc3 Bd6 (10... Be7 {also popular}) 11. O-O O-O
12. Be3 (12. Qh5 f5 {23 games, 30 % for Wh}) 12... e4 $146 (12... Qe7 {0-4}) (
12... f5 13. f4 {2 draws}) 13. Bc4 (13. Bxe4 Bxh2+ 14. Kxh2 Qh4+ 15. Kg1 Qxe4
$15 {SF16}) 13... Ne5 14. Bd5 (14. Be2 Qc7 $17 {SF16}) 14... Qh4 $19 15. Re1 (
15. Kh1 Rd8 16. g3 Qh3 17. f3 Nxf3 18. Rxf3 exf3 19. Qxf3 Rf8 $19 {SF16}) 15...
Bg4 16. Qd4 Nf3+ 17. gxf3 Qxh2+ 18. Kf1 Bxf3 19. Bf4 Qh1# 0-1

[Event "Shropshire Open"]
[Site "Telford"]
[Date "2024.01.14"]
[Round "5.10"]
[White "Bolt, Graham"]
[Black "He, Tom Junde"]
[Result "0-1"]
[WhiteElo "2059"]
[BlackElo "1745"]
[Annotator "Van Kemenade, Rudy"]
[PlyCount "82"]
[EventDate "2024.01.12"]
[EventType "swiss"]
[EventRounds "5"]
[EventCountry "ENG"]
[SourceTitle "BritBase"]
[Source "John Saunders"]
[SourceDate "2024.04.05"]
[SourceVersion "1"]
[SourceVersionDate "2024.04.05"]
[SourceQuality "1"]

1. Nf3 Nf6 2. g3 g6 3. b4 Bg7 4. Bb2 O-O 5. Bg2 d5 {second , 59 % for Wh} (5...
d6 {main, 58% for Wh}) (5... c6 6. O-O a5 7. bxa5 Qxa5 8. c4 d6 9. d3 {39% for
Wh, Bolt-Portman, GBR ch Atkins op, 2019, 1/2-1/2}) 6. d3 a5 7. a3 Qd6 (7...
axb4 8. axb4 Rxa1 9. Bxa1 Qd6 10. c3 Nbd7 11. O-O Nb6 (11... e5 12. Nbd2 c6 {
Krysa (2531)-Kahlert(2155) Titled Tuesday blitz 2020,0-1}) 12. Nbd2 Bd7 {
Weiss-De Lange, Nordic tm cup 1970,0-1}) 8. b5 $146 (8. Be5 $11 {2 Wh wins, 1
draw (corr)}) (8. Nbd2 $11 {2 draws, 1 Bl win (corr)}) 8... Qc5 $15 9. O-O Qxb5
$15 10. Qc1 Qe8 (10... Qa6 {SF16}) 11. c4 c6 (11... dxc4 12. Qxc4 Nc6 $15 {SF16
}) 12. Nbd2 $11 Nbd7 13. cxd5 cxd5 14. a4 (14. e4 $11) 14... b6 15. Nb3 Ba6 16.
Qd2 Qb8 17. Rfc1 Re8 18. Rab1 e5 $17 19. Ba3 e4 20. dxe4 dxe4 21. Bd6 e3 (21...
Qb7 $19 {SF16}) 22. fxe3 Ne4 23. Bxb8 Nxd2 24. Nfxd2 Raxb8 25. Rc7 Nf6 26. Bf3
Bh6 27. e4 Rbd8 $19 28. Rb2 Bc8 29. Kg2 b5 30. Nf1 (30. axb5 a4 $19) 30... bxa4
31. Nxa5 Be6 32. e5 a3 33. Rb1 Nd5 34. Rcb7 Nc3 35. Ra1 a2 36. e3 Rb8 37. Kf2
Rxb7 38. Bxb7 Bg7 (38... Bf8 {SF16}) 39. Nd2 (39. Nc6 Ne4+ 40. Ke1 Nc5 {SF16})
39... Bxe5 40. Rc1 Rb8 41. Nac4 Rxb7 (41... Bc7) 0-1

[Event "Shropshire Open"]
[Site "Telford"]
[Date "2024.01.14"]
[Round "5.11"]
[White "Freeland, Alex"]
[Black "Burns, Martin"]
[Result "1-0"]
[WhiteElo "2095"]
[BlackElo "1962"]
[Annotator "Van Kemenade, Rudy"]
[PlyCount "93"]
[EventDate "2024.01.12"]
[EventType "swiss"]
[EventRounds "5"]
[EventCountry "ENG"]
[SourceTitle "BritBase"]
[Source "John Saunders"]
[SourceDate "2024.04.05"]
[SourceVersion "1"]
[SourceVersionDate "2024.04.05"]
[SourceQuality "1"]

1. d4 Nf6 2. c4 g6 3. Nc3 d5 4. Bf4 c6 5. e3 Bg7 6. Rc1 O-O 7. Nf3 Qa5 (7...
Bg4) (7... Be6 {main lines}) 8. Bd3 Bg4 9. O-O Nbd7 (9... dxc4 10. Bxc4 {2-3-1}
) (9... e6 10. h3 Bxf3 11. Qxf3 Nbd7 {Budisavljevic-Savic, Belgrade ch tm 2017,
1-0}) 10. Qb3 $146 (10. h3 Bxf3 11. Qxf3 dxc4 12. Bxc4 {80 games, 58% for Wh})
10... Bxf3 11. gxf3 dxc4 12. Bxc4 e5 (12... Nb6 13. Be2 Nfd5 14. Bg3 Kh8 $14 {
SF16}) 13. dxe5 Nxe5 14. Bxe5 (14. Be2 $16 {SF16}) 14... Qxe5 15. Qxb7 Rab8 (
15... Qg5+ 16. Kh1 Qf5 17. Be2 Rab8 18. Qxa7 Rxb2 $11 {SF16}) 16. Qxa7 (16.
Qxc6 Rb6 $11) 16... Rxb2 17. Ne2 $14 h5 18. Qd4 (18. Qa6 $16) 18... Qg5+ 19.
Kh1 Nd5 (19... Ng4 20. Qd1 Nxh2 21. Kxh2 Rd8 22. Bd3 Rxa2 23. Kh3 Ra3 24. Rg1
Qe7 25. Nf4 g5 26. Qc2 Rc3 27. Qxc3 Bxc3 28. Rxc3 Kf8 29. Nxh5 $16 {SF16}) 20.
Qe4 Kh7 21. Rg1 Qf6 22. f4 $16 Ne7 23. Rc2 Nf5 24. Rxb2 Qxb2 25. Qxc6 $18 Nh6
26. Qb5 Qc2 27. Bd3 (27. Qd5 $18 {SF16}) 27... Qxa2 28. Qxh5 (28. f5 $1 $18 {
SF16} Qa8+ 29. Rg2 gxf5 30. Bxf5+ Kh8 31. Bd3) 28... Kg8 (28... Qa8+ 29. Rg2
Qc6 30. Ng1 Rd8 31. Qe2 Bf6 32. h3 Kg7 33. Kh2 $16 {SF16}) 29. Qf3 $18 Rd8 30.
Bb1 Qb2 31. Ng3 (31. f5 $1 {SF16}) 31... f5 32. h3 Rd2 33. Kg2 Qb6 34. Rd1 Rb2
35. Ba2+ Kh7 36. Bc4 Qc5 37. Bd5 Qc2 38. Nf1 Qc5 39. Nd2 Qb4 40. Nc4 Rc2 41.
Ne5 Qb2 42. Qg3 Bxe5 (42... Qb6 43. Nf3 Bf6 44. Ng5+ Kh8 45. Ne6 Qb8 46. Qxg6
Qg8 47. Qxg8+ Nxg8 48. Ng5 $18 {SF16}) 43. fxe5 Rd2 44. Rxd2 Qxd2 45. Bc4 Qb4
46. Qf4 Qb7+ 47. Qf3 1-0

[Event "Shropshire Open"]
[Site "Telford"]
[Date "2024.01.14"]
[Round "5.12"]
[White "Hollands, David"]
[Black "Pink, Joshua"]
[Result "1-0"]
[WhiteElo "1917"]
[BlackElo "2024"]
[Annotator "Van Kemenade, Rudy"]
[PlyCount "115"]
[EventDate "2024.01.12"]
[EventType "swiss"]
[EventRounds "5"]
[EventCountry "ENG"]
[SourceTitle "BritBase"]
[Source "John Saunders"]
[SourceDate "2024.04.05"]
[SourceVersion "1"]
[SourceVersionDate "2024.04.05"]
[SourceQuality "1"]

1. Nf3 d6 2. d4 Bg4 3. e4 (3. c4 Nd7 4. Nc3 e5 {main}) 3... e5 (3... Nf6) (3...
Nd7) 4. dxe5 Nd7 (4... Bxf3 {85% for Wh}) 5. e6 (5. exd6 Bxd6 {315 games , 60%
for Wh ; a line favoured by Souleidis and Goroshkov mostly derived via a
Philidor opening} 6. Qd4 Ngf6 7. Nc3 Qe7 8. Bg5 Bc5 9. Qa4 O-O-O 10. Nd2 Nb6
11. Qb3 Be6 12. Nc4 Bxf2+ 13. Kxf2 Ng4+ {Christopher Lewis-Pink, 4NCL 2015,0-1}
) 5... fxe6 6. h3 (6. Be2 Ngf6 {1-1-2}) 6... Bh5 7. Bc4 (7. Be2 Be7 8. O-O Ngf6
9. Ng5 Bxe2 10. Qxe2 Nf8 11. Qb5+ N6d7 12. f4 h6 13. Nf3 Qc8 14. Nc3 {
Sheikh-Pink, 4NCL 2019,1-0}) (7. Nc3 h6 {2-0} (7... c6 8. Bc4 d5 9. exd5 exd5
10. Be2 Ngf6 11. O-O Bd6 $11 {Manukian-Souleidis, Titled Tuesday blitz 2022,0-1
})) 7... Ne5 8. Bb3 (8. Be2 $11 {SF16}) (8. Bxe6 Bxf3 9. gxf3 Qf6 10. Qd5 Qxf3
11. Rf1 c6 12. Qb3 Qxb3 13. axb3 $11 {SF16}) 8... Qf6 (8... Nxf3+ 9. gxf3 Qf6
10. Rg1 (10. Nd2 O-O-O $19) 10... Ne7 11. Bg5 Qxb2 12. Nd2 h6 13. Rb1 Qc3 14.
Be3 Kf7 $17 {SF16}) 9. Nbd2 $11 Nh6 10. Qe2 O-O-O 11. Qe3 (11. g4 Nhxg4 12.
Nxe5 Nxf2 13. Qxf2 Qxe5 14. O-O $16 {SF16}) 11... Bxf3 (11... d5 12. Nxe5 Qxe5
13. g4 Bg6 14. O-O Nf7 15. f4 Qd6 16. exd5 exd5 17. f5 Ng5 18. Kg2 (18. fxg6
hxg6 $19) 18... Re8 19. Qxa7 Re2+ 20. Rf2 Rxf2+ 21. Qxf2 Be8 $11 {SF16}) 12.
Nxf3 Nxf3+ 13. gxf3 (13. Qxf3 Qg6 14. O-O $16 {SF16}) 13... d5 $11 14. e5 d4 (
14... Qf5 15. Qxa7 Qxe5+ 16. Be3 Nf5 17. f4 Qe4 18. O-O-O Nxe3 19. fxe3 c6 $11
{SF16}) 15. exf6 dxe3 16. Bxe6+ Kb8 17. fxe3 $18 (17. Bxe3 $18) 17... gxf6 18.
e4 Re8 19. Bxh6 (19. Bg4 $18 {SF16}) 19... Rxe6 (19... Bxh6 20. Bf5 Re7 21. Rg1
$16 {SF16}) 20. Bxf8 (20. Bf4 f5 21. O-O-O Bh6 22. Bxh6 Rxh6 23. e5 $16 {SF16})
20... Rxf8 21. O-O-O (21. Kf2 f5 22. exf5 Rb6 (22... Rxf5 23. Rhe1 $18) 23. b3
Rb5 24. Rhe1 Rbxf5 25. Re3 $16 {SF16}) 21... Kc8 (21... f5 $14) 22. Rd5 $16 c6
23. Rh5 $18 Rf7 24. Rg1 Re5 25. Rxe5 fxe5 26. Rg3 Kd7 27. Kd2 Ke6 28. Ke3 Kf6
29. f4 exf4+ 30. Kxf4 Rd7 31. Rd3 Rg7 32. e5+ Ke6 33. Rd6+ Ke7 34. c4 (34. Rh6
{SF16}) 34... Rg2 35. b4 Rxa2 36. Rh6 Rc2 37. Rxh7+ Ke6 38. Rh6+ Ke7 39. Kf5
Rxc4 (39... Rf2+ 40. Ke4 Re2+ 41. Kd4 c5+ 42. bxc5 Kd7 43. c6+ bxc6 44. Rh7+
Ke6 45. Rxa7 Rf2 46. Kc5 Kxe5 47. Kxc6 $18 {SF16}) 40. Rh7+ Kd8 41. Rxb7 Rh4
42. Rxa7 Rxh3 (42... Rxb4 43. Kf6 Re4 44. h4 Rxh4 45. Ra8+ Kc7 46. e6 Rh6+ 47.
Kf7 Kd6 48. Rd8+ Ke5 49. e7 $18 {SF16}) 43. e6 Rb3 44. e7+ Ke8 45. Ke6 Re3+ 46.
Kd6 Rd3+ 47. Kxc6 Rc3+ 48. Kb6 Rc1 49. b5 Rc2 50. Rc7 Rb2 51. Rb7 (51. Ka6 Ra2+
52. Kb7 Rb2 53. b6 Rb3 54. Ka7 Ra3+ 55. Kb8 Rb3 56. b7 Rb2 57. Kc8 {SF16})
51... Ra2 52. Ra7 Rb2 53. Ka6 Ra2+ 54. Kb7 Rb2 55. b6 Kxe7 56. Ka8+ Kd8 57. b7
Kc7 58. b8=Q+ 1-0